| 000 | 01397nam0a22003371 4500 | ||
|---|---|---|---|
| 001 | RU\NLR\A2V16\12370 | ||
| 005 | 20251203171251.9 | ||
| 035 | _a(NLR Aleph) 009815429 | ||
| 090 |
_a10227513 _c10227513 |
||
| 100 | _a19990330d1526 u y0rusy50 ca | ||
| 101 | 0 | _ager | |
| 102 | _aRU | ||
| 105 | _aa ||||000|y | ||
| 200 | 1 | _aAn den Hochwirdigen Fürsten unnd Herren, Herrn Walthern vonn Blettenbergk, Deütsch Ordens Meyster ynn Lyffland, eyn gar Christlich Ermanung czu der Leer und Erkantnyss Christi, durch ... Frydrichen, Herrn czu Heydeck, etwa desselbigenn Ordens, nun aber yn rechtem Christen Orden der wenig ist | |
| 210 |
_aKonigssberg ynn Preussen [Kaliningrad _cs.n. _d1526] |
||
| 215 |
_a[44] с. _cграв. тит. л. _d4° (20 см) |
||
| 306 | _aВ конце текста дата: Geendet am XX. Tag Januarij, in dem Jar M.CCCCC.XXVI. | ||
| 317 |
_aЭкз. с владельч. записью _513.9.3.915 |
||
| 600 | 1 |
_6z01690 _aPlettenberg _bW. _f-1535 _gWolter von |
|
| 620 | _dKaliningrad | ||
| 686 | 1 | _aР6-637 [Э375-647.315-343] | |
| 690 | 1 |
_6z01600 _aBlettenbergk _gWalther vonn |
|
| 700 | 1 |
_6z02790 _aHeideck _bF. zu _f-1536 _gFriedrich zu _4070 |
|
| 790 | 1 |
_6z02700 _aHeydeck _4070 |
|
| 801 | 0 |
_aRU _bNLR _c19990330 |
|
| 852 |
_aNLR _j13.9.3.915 |
||
| 942 | _cBOOK | ||
| 980 | _aNB | ||
| 980 | _ain16 | ||